| 000 | 00555 a2200181 4500 | ||
|---|---|---|---|
| 003 | Nust | ||
| 005 | 20170207154051.0 | ||
| 010 | _a 88100166 | ||
| 020 | _a0863411053 | ||
| 040 | _cNust | ||
| 082 | _a658.3 | ||
| 245 | 0 | 0 |
_aPerspectives on project management -(E-BOOK) _cedited by R.N.G. Burbridge. |
| 260 |
_aLondon, U.K. : _bP. Peregrinus on behalf of the Institution of Electrical Engineers, _cc1988. |
||
| 300 |
_axxv, 154 p. : _bill. ; _c23 cm. |
||
| 440 | 0 |
_aIEE management of technology series ; _v7 |
|
| 650 | _aE-BOOK | ||
| 700 | 1 | _aBurbridge, R. N. G. | |
| 942 |
_2ddc _cBK |
||
| 999 |
_c193117 _d193117 |
||